UK's Eurovision runners-up - Statistics

General Stats
  • This quiz has been taken 12 times
  • The average score is 9 of 16
Answers on the Grid
Answers color-coded by a green-red scale on the quiz's grid according to % correct below.
The Allisons
Bardo
Black Lace
Bryan Johnson
Cliff Richard
Gina G
Imaani
Jade Ewen
Jessica Garlick
Kathy Kirby
Katrina and the Waves
Live Report
Lulu
Lynsey de Paul and Mike Moran
Mae Muller
Mary Hopkin
Matt Monro
Michael Ball
The New Seekers
Olivia Newton-John
Patricia Bredin
Pearl Carr and Teddy Johnson
Remember Monday
Ronnie Carroll
Sam Ryder
Sandie Shaw
Scott Fitzgerald
The Shadows
Sonia
Vikki
 
Answer Stats
Answer % Correct
Cliff Richard
90%
Imaani
70%
Michael Ball
70%
Sam Ryder
70%
The Allisons
70%
Scott Fitzgerald
60%
The Shadows
60%
Lynsey de Paul and Mike Moran
50%
Mary Hopkin
50%
Pearl Carr and Teddy Johnson
50%
Sonia
50%
The New Seekers
50%
Kathy Kirby
40%
Matt Monro
40%
Bryan Johnson
30%
Live Report
30%
No matching quizzes found
Score Distribution
Percent of People with Each Score
Percentile by Number Answered
Your Score History
You have not taken this quiz